Escritos de combate
Uloženo v:
| Hlavní autor: | |
|---|---|
| Médium: | Kniha |
| Jazyk: | španělština |
| Vydáno: |
Madrid
Alfaguara
1979
|
| Edice: | Clásicos Alfaguara
|
| Témata: | |
| Tagy: |
Přidat tag
Žádné tagy, Buďte první, kdo vytvoří štítek k tomuto záznamu!
|
MARC
| LEADER | 00000nam a2200000 a 4500 | ||
|---|---|---|---|
| 001 | UCZ2091 | ||
| 003 | CL-VaPUC | ||
| 008 | 950926e19790000SP |||||||||||||||||spa|d | ||
| 082 | 0 | 4 | |a 194 |b ROU |2 21 |
| 100 | |a Rousseau, Jean Jacques |e autor |9 255697 | ||
| 245 | 1 | 0 | |a Escritos de combate |
| 300 | |a 682 p | ||
| 942 | |c BK | ||
| 945 | |d 19950926 00:00:00 |a cmena | ||
| 260 | |a Madrid |b Alfaguara |c 1979 | ||
| 650 | 0 | |a Filosofía francesa |9 255698 | |
| 650 | 0 | |a Discursos |9 265028 | |
| 650 | 0 | |a Ensayos |9 268724 | |
| 650 | 0 | |a Ideologías |9 255200 | |
| 650 | 0 | |a Política |9 255312 | |
| 650 | 0 | |a Antropología |9 233030 | |
| 583 | |a last modification |c 19950926 00:00:00 |k Rodrigo Vera | ||
| 490 | 0 | |a Clásicos Alfaguara | |
| 999 | |c 238743 |d 238741 | ||
| 952 | |0 0 |1 0 |4 0 |6 194_000000000000000_ROU_1979 |7 0 |8 P |9 249179 |a BIBEDU |b BIBEDU |c BIBEDU_PB |d 2019-11-18 |i 1562991 |o 194 ROU 1979 |p 1562991 |r 2024-01-25 |w 2019-11-18 |y BK |k FIL | ||
| 952 | |0 0 |1 0 |4 0 |6 194_000000000000000_ROU_1979 |7 0 |8 P |9 249180 |a BIBEDU |b BIBEDU |c BIBEDU_PB |d 2019-11-18 |i 158006K |o 194 ROU 1979 |p 158006K |r 2024-01-25 |w 2019-11-18 |y BK |k FIL | ||